Введение в радиационный контроль: учебное пособие

Bibliografiske detaljer
Hovedforfatter: Числов Н. Н. Николай Николаевич
Institution som forfatter: Национальный исследовательский Томский политехнический университет (ТПУ) Институт неразрушающего контроля (ИНК) Кафедра физических методов и приборов контроля качества (ФМПК)
Andre forfattere: Числов Д. Н. Дмитрий Николаевич
Summary:Заглавие с титульного экрана
Электронная версия печатной публикации
В пособии приведены сведения из атомной физики, описаны закономерности строения атомного ядра и радиоактивности, взаимодействие с веществом и регистрация ионизирующих излучений, дозовые и интегральные потоковые характеристики поля ионизирующего излучения, изложены ос­новные виды и методы радиационного контроля, а также области примене­ния ионизирующих излучений в неразрушающем контроле, определяемые специфическими особенностями взаимодействия излучений с веществом. Предназначено для студентов, обучающихся по направлениям 221400 "Управление качеством" и 200100 "Приборостроение", а также может быть полезным лицам, в той или иной мере связанным с использованием ионизи­рующих излучений в практической деятельности.
Режим доступа: из корпоративной сети ТПУ
Sprog:russisk
Udgivet: Томск, Изд-во ТПУ, 2014
Fag:
Online adgang:http://www.lib.tpu.ru/fulltext2/m/2015/m078.pdf
Format: MixedMaterials Electronisk Bog
KOHA link:https://koha.lib.tpu.ru/cgi-bin/koha/opac-detail.pl?biblionumber=288878

MARC

LEADER 00000nlm0a2200000 4500
001 288878
005 20231102000131.0
035 |a (RuTPU)RU\TPU\book\313382 
035 |a RU\TPU\book\313369 
090 |a 288878 
100 |a 20150330d2014 m y0rusy50 ca 
101 0 |a rus 
102 |a RU 
105 |a a j 001zy 
135 |a drgn ---uucaa 
181 0 |a i  
182 0 |a b 
200 1 |a Введение в радиационный контроль  |b Электронный ресурс  |e учебное пособие  |f Н. Н. Числов, Д. Н. Числов  |g Национальный исследовательский Томский политехнический университет (ТПУ) 
203 |a Текст  |c электронный 
210 |a Томск  |c Изд-во ТПУ  |d 2014 
230 |a 1 компьютерный файл (pdf; 2.5 МВ) 
300 |a Заглавие с титульного экрана 
300 |a Электронная версия печатной публикации 
330 |a В пособии приведены сведения из атомной физики, описаны закономерности строения атомного ядра и радиоактивности, взаимодействие с веществом и регистрация ионизирующих излучений, дозовые и интегральные потоковые характеристики поля ионизирующего излучения, изложены ос­новные виды и методы радиационного контроля, а также области примене­ния ионизирующих излучений в неразрушающем контроле, определяемые специфическими особенностями взаимодействия излучений с веществом. Предназначено для студентов, обучающихся по направлениям 221400 "Управление качеством" и 200100 "Приборостроение", а также может быть полезным лицам, в той или иной мере связанным с использованием ионизи­рующих излучений в практической деятельности. 
333 |a Режим доступа: из корпоративной сети ТПУ 
337 |a Adobe Reader 
452 1 |0 (RuTPU)RU\TPU\book\306958  |t Введение в радиационный контроль  |o учебное пособие  |f Н. Н. Числов, Д. Н. Числов  |g Национальный исследовательский Томский политехнический университет (ТПУ)  |c Томск  |n Изд-во ТПУ  |d 2014  |p 199 с.  |a Числов, Николай Николаевич 
606 |a Радиационный контроль  |x (физика)  |2 stltpush  |3 (RuTPU)RU\TPU\subj\68830  |9 83951 
606 |a Радиационная дефектоскопия  |2 stltpush  |3 (RuTPU)RU\TPU\subj\22300  |9 47098 
610 1 |a электронный ресурс 
610 1 |a учебные пособия 
610 1 |a труды учёных ТПУ 
610 1 |a радиационный контроль 
610 1 |a атомная физика 
610 1 |a атомные ядра 
610 1 |a радиоактивность 
610 1 |a ионизирующие излучения 
610 1 |a дозовые характеристики 
610 1 |a интегральные характеристики 
610 1 |a излучения 
610 1 |a радиационные методы 
675 |a 539.1.074(075.8)  |v 3 
675 |a 620.179.152(075.8)  |v 3 
700 1 |a Числов  |b Н. Н.  |c специалист в области неразрушающего контроля  |c доцент Томского политехнического университета, кандидат технических наук  |f 1946-  |g Николай Николаевич  |2 stltpush  |3 (RuTPU)RU\TPU\pers\31147 
701 1 |a Числов  |b Д. Н.  |c физик  |c старший преподаватель Томского политехнического университета  |f 1971-  |g Дмитрий Николаевич  |2 stltpush  |3 (RuTPU)RU\TPU\pers\33673 
712 0 2 |a Национальный исследовательский Томский политехнический университет (ТПУ)  |b Институт неразрушающего контроля (ИНК)  |b Кафедра физических методов и приборов контроля качества (ФМПК)  |h 68  |2 stltpush  |3 (RuTPU)RU\TPU\col\18709 
801 2 |a RU  |b 63413507  |c 20160615  |g RCR 
856 4 |u http://www.lib.tpu.ru/fulltext2/m/2015/m078.pdf 
942 |c CF